| 000 | 00439nam a2200121Ia 4500 | ||
|---|---|---|---|
| 008 | 220512s9999 xx 000 0 eng d | ||
| 100 | _aMaurya, Amit Kumar | ||
| 245 | 0 |
_aBargaining Order and Delays in Multilateral Bargaining with Asymmetric Sellers / _cMaurya, Amit Kumar and Sarkar, Shubhro |
|
| 260 |
_aMumbai : _bIndira Gandhi Institute of Development Research, _cAug-13 |
||
| 546 | _aEnglish | ||
| 700 | _aSarkar, Shubhro | ||
| 942 | _cPR | ||
| 999 |
_c36827 _d36827 |
||